| 000 | 005130000a22001570004500 | ||
|---|---|---|---|
| 090 |
_aAR _b00767 |
||
| 245 | 1 | 0 | _aManagement of habitat fragments in a tropical dry forest: growth |
| 650 | 1 | 4 |
_aBosques secos tropicales _992782 |
| 650 | 1 | 4 |
_aUso del habitat _93825 |
| 650 | 1 | 4 |
_aEcología _992250 |
| 651 | 4 |
_lParque Nacional Santa Rosa _pCosta Rica _992749 |
|
| 041 | 0 | _aInglés | |
| 100 | 1 |
_aJanzen, Daniel H. _93808 |
|
| 942 | _cARTICULO | ||
| 773 | 1 |
_tAnnals of the Missouri Botanical Garden _3157 _h1 _q105-116 _d1988 _g75 |
|
| 999 |
_c9858 _d9858 |
||